000 00314 a2200133 4500
082 _a297.4
090 _c6031
_d6031
100 _aStoddart,William.
245 _aSUFISM.
_cWilliam Stoddart.
260 _aLahore.
_bSuhail Academy.
_c1999.
300 _a91p.
500 _aHardcover.
942 _aNBS
_cBK
_k297.4 STO
999 _c348420
_d348420